000 00599cam a2200193 4500500
005 20260405004010.0
041 _afre
042 _adc
100 1 0 _aEltchaninoff, Michel
_eauthor
245 0 0 _aMinneapolis : face à l’ICE, la révolte des voisins
260 _c2026.
500 _a26
690 _aDonald Trump
690 _aÉtats-Unis
690 _aLocal
690 _aMichael Walzer
786 0 _nPhilosophie magazine | 197 | 2 | 2026-02-01 | p. 12-13 | 1951-1787
856 4 1 _uhttps://shs.cairn.info/magazine-philosophie-magazine-2026-2-page-12?lang=fr&redirect-ssocas=7080
999 _c2072759
_d2072759